Meranie výkonnosti zdravotníckych zariadení diplomová práca

Saved in:
Bibliographic Details
Main Author: Oláhová, Veronika
Corporate Author: Podnikovohospodárska fakulta EU so sídlom v Košiciach. Katedra manažmentu
Other Authors: Mihalčová, Bohuslava, 1963-
Format: Book
Language:Slovak
Published: Košice 2018
Tags: Add Tag
No Tags, Be the first to tag this record!

MARC

LEADER 00000nbm a2200000 4500
001 0244086
005 20181019123315.4
041 0 |a slo 
044 |a SK 
245 1 0 |a Meranie výkonnosti zdravotníckych zariadení  |b diplomová práca  |c Veronika Oláhová ; školiteľ: Bohuslava Mihalčová 
264 1 |a Košice  |c 2018 
300 |a 81 s. 
100 1 |a Oláhová, Veronika 
700 1 |a Mihalčová, Bohuslava, 1963- 
710 2 |a Podnikovohospodárska fakulta EU so sídlom v Košiciach. Katedra manažmentu